Most Common Words In English Starting With G - Statistics

General Stats
  • This quiz has been taken 4,898 times
  • The average score is 45 of 79
Answer Stats
Word % Correct
go
100%
give
91%
great
91%
get
90%
gas
88%
game
87%
grow
86%
good
83%
grand
83%
God
80%
gap
78%
green
78%
gate
77%
gene
75%
gain
74%
gun
74%
goal
73%
gay
72%
grass
71%
girl
69%
gold
69%
guess
69%
grade
68%
gray
67%
glad
66%
grave
65%
guest
65%
general
64%
ghost
64%
garden
63%
gift
63%
grab
63%
glass
62%
guy
60%
gear
59%
grain
59%
grandfather
59%
grandmother
59%
group
57%
generally
55%
guard
53%
golden
52%
government
52%
ground
52%
growing
52%
guide
52%
gentleman
51%
garage
50%
generation
50%
grant
50%
gender
48%
golf
48%
graduate
48%
gather
47%
guilty
47%
growth
46%
gang
45%
generate
45%
German
45%
given
45%
gaze
44%
giant
43%
gesture
42%
glove
41%
genetic
40%
gradually
38%
governor
34%
girlfriend
33%
global
33%
galaxy
29%
gallery
29%
greatest
29%
garlic
28%
glance
28%
gently
27%
gifted
25%
guarantee
25%
grocery
23%
guideline
20%
No matching quizzes found
Score Distribution
Percent of People with Each Score
Percentile by Number Answered
Your Score History
You have not taken this quiz